[Event "It"]
[Site "masterchessopen.com - Vrbas (Yugoslavia)"]
[Round "1"]
[White "Laketic Gojko (SRB)"]
[Black "Nedev Trajce (MKD)"]
[Result "1-0"]
[WhiteElo "2443"]
[BlackElo "2493"]

1.d4 Nf6 2.c4 c5 3.d5 e6 4.Nc3 exd5 5.cxd5 d6 6.e4 g6 7.Be2 Bg7 8.Nf3 O-O
9.O-O Re8 10.Nd2 Bd7 11.f3 Nh5 12.Nc4 Bd4+ 13.Kh1 b5 14.Nxd6 Be5 15.Nxe8 Qh4
16.f4 Ng3+ 17.Kg1 Bd4+ 18.Qxd4 cxd4 19.hxg3 Qd8 20.e5 Bxe8 21.Ne4 Qb6 22.Nf6+
Kh8 23.Bg4 Na6 24.Bd2 b4 25.Rac1 Bb5 26.Rfd1 Nc5 27.d6 Bc6 28.Be1 h5 29.Bh3 b3
30.Bf2 Ne6 31.axb3 Qxb3 32.Bxe6 fxe6 33.Rxd4 Qb7 34.Rdc4 Rc8 35.b4 a6 36.Kh2
Kg7 37.R1c2 Kf7 38.Rc5 g5 39.fxg5 Kg6 40.Be3 h4 41.gxh4 Qxb4 42.h5+ Kg7
43.R5c4 Qe1 44.Bf2 Qxe5+ 45.Bg3 Qb5 46.Rc5 {#r} 1-0

[Event "Extra League 1995/96"]
[Site "masterchessopen.com - Czech Republic"]
[Round "1"]
[White "Koutsin Sergey (UKR)"]
[Black "Vokac Marek (CZE)"]
[Result "1-0"]
[WhiteElo "2455"]
[BlackElo "2475"]

1.d4 g6 2.Nf3 Bg7 3.c4 c5 4.d5 d6 5.e4 Nf6 6.Nc3 O-O 7.Be2 e6 8.O-O exd5
9.cxd5 Re8 10.Nd2 Nbd7 11.h3 a6 12.a4 Rb8 13.f4 c4 14.a5 Nc5 15.e5 dxe5
16.Nxc4 e4 17.Be3 Nd3 18.Bxd3 exd3 19.Bb6 Qe7 20.d6 Qf8 21.Qxd3 Bf5 22.Qd2
Rbc8 23.Ne5 Nd7 24.Nxd7 Bxd7 25.Bc7 Rxc7 26.dxc7 Qc5+ 27.Kh1 Qxc7 28.Nd5 Qd8
29.Rfe1 Rxe1+ 30.Rxe1 Be6 31.Rd1 h5 32.Nb6 Qf8 33.Nd7 Qc8 34.Ne5 Bf6 35.Rc1
Qe8 36.Qd6 Kg7 37.Rc7 Qb5 38.Qd3 Qxd3 39.Nxd3 Bd5 40.Ne5 Bxe5 41.fxe5 Kf8
42.Rd7 Bc6 43.Rd6 h4 44.Kh2 Kg7 45.g3 hxg3+ 46.Kxg3 Kf8 47.Kf4 Ke7 48.h4 Kf8
49.b4 Ke7 50.Ke3 Bd7 51.Kd4 Kd8 52.Kd5 Kc7 53.Rf6 Be8 54.Kc5 Kd7 55.Kb6 Kc8
56.e6 fxe6 57.Rxe6 {#r} 1-0

[Event "Oberliga East 1994/95"]
[Site "masterchessopen.com - Germany"]
[Round "0"]
[White "Klingelhoefer Stefan (GER)"]
[Black "Jakel Wolfgang (GER)"]
[Result "1-0"]
[WhiteElo "2230"]
[BlackElo "2236"]

1.d4 Nf6 2.Nf3 c5 3.d5 e6 4.c4 exd5 5.cxd5 d6 6.Nc3 g6 7.Nd2 Bg7 8.e4 O-O
9.Be2 Re8 10.O-O b6 11.a4 Ba6 12.Bb5 Bxb5 13.axb5 Nbd7 14.f4 h5 15.Ra4 Ng4
16.Nf3 a6 17.h3 Bxc3 18.bxc3 Ngf6 19.e5 dxe5 20.fxe5 Nh7 21.e6 fxe6 22.dxe6
Rxe6 23.Qd5 Ndf8 24.Qa2 a5 25.Re4 Qd7 26.Bh6 c4 27.Qxc4 Rc8 28.Qa2 Kh8 29.Ne5
Qe8 30.Nf7+ Qxf7 31.Rxf7 Rxe4 32.Qd5 Re1+ 33.Kh2 Ne6 {#r} 1-0

[Event "Oberliga Northwest 1994/95"]
[Site "masterchessopen.com - Germany"]
[Round "0"]
[White "Wehe Matthias"]
[Black "Klettke Wolfgang (GER)"]
[Result "0-1"]
[WhiteElo "2045"]
[BlackElo "2069"]

1.d4 Nf6 2.c4 c5 3.d5 d6 4.Nc3 g6 5.e4 Bg7 6.Be2 O-O 7.Nf3 e6 8.O-O exd5
9.cxd5 Re8 10.Nd2 a6 11.a4 Nbd7 12.Qc2 Qe7 13.f3 Nh5 14.f4 Ndf6 15.Kh1 Ng4
16.Bxg4 Bxg4 17.Nf3 Bxc3 18.Qxc3 Qxe4 19.b3 Bxf3 20.gxf3 Qb4 21.Qxb4 cxb4
22.f5 f6 23.fxg6 hxg6 24.Bd2 a5 25.Rfe1 Rac8 26.Rxe8+ Rxe8 27.Rc1 g5 28.Rc7
Re2 29.Bc1 Re5 30.Kg2 Rxd5 31.Rxb7 Rd1 32.Be3 Rd3 33.Bb6 Rxb3 34.Bxa5 Rb2+
35.Kh3 f5 36.Rxb4 Nf4+ 37.Rxf4 gxf4 38.Bc7 d5 39.a5 Rf2 40.Bxf4 Rxf3+ 41.Bg3
Ra3 42.Kh4 Rxa5 43.Be5 Kf7 44.Kg5 Ke6 45.Bf4 d4 46.h4 Ra2 47.h5 Rg2+ 48.Kh4
Rg4+ {#R} 0-1

[Event "Ch World (juniors) (under 16)"]
[Site "masterchessopen.com - Guarapuava (Brazil)"]
[Round "5"]
[White "Lou Meng (CAN)"]
[Black "Fucek Claudio (ARG)"]
[Result "1-0"]
[WhiteElo "2224"]
[BlackElo "2240"]

1.d4 Nf6 2.c4 c5 3.d5 e6 4.Nc3 exd5 5.cxd5 d6 6.e4 g6 7.Nf3 Bg7 8.Be2 O-O
9.O-O Re8 10.Nd2 Nbd7 11.Qc2 a6 12.a4 Rb8 13.f3 Ne5 14.Ra3 h5 15.Rb3 Qc7
16.Nc4 Nfd7 17.Be3 f5 18.f4 Ng4 19.Bxg4 hxg4 20.exf5 gxf5 21.Qxf5 Nb6 22.Qh5
Kf8 23.Rxb6 Rxe3 24.Nxe3 Qxb6 25.Nf5 c4+ 26.Kh1 Bxf5 27.Qxf5+ Kg8 28.Qe6+ Kh8
29.Ne4 Qxb2 30.Ng5 b5 31.Qg6 Kg8 32.f5 Qf6 33.Qh7+ Kf8 34.Qh5 Kg8 35.Qh7+ Kf8
36.Qh5 Kg8 37.Ne4 Qh6 38.Qxg4 b4 39.f6 c3 40.fxg7 c2 41.Qf5 Kxg7 42.Ng5 b3
43.h3 Kg8 44.Qf7+ Kh8 45.Qc7 Qxg5 46.Qxb8+ Kg7 47.Qf8+ Kg6 48.Qf7+ {#r} 1-0

[Event "It (open)"]
[Site "masterchessopen.com - Heraklio (Greece)"]
[Round "1"]
[White "Karapanos Nikolaos (GRE)"]
[Black "Pavlovic Milos (SRB)"]
[Result "0-1"]
[WhiteElo "2210"]
[BlackElo "2470"]

1.d4 Nf6 2.c4 g6 3.Nc3 Bg7 4.e4 d6 5.Nf3 O-O 6.Be2 c5 7.d5 e6 8.O-O exd5
9.cxd5 Re8 10.Nd2 Nbd7 11.h3 a6 12.a4 Rb8 13.Qc2 Qc7 14.b3 g5 15.Bb2 Ne5
16.Nc4 Ng6 17.Rfe1 b5 18.axb5 axb5 19.Nxb5 Rxb5 20.Nxd6 Rb8 21.Nxe8 Nxe8
22.Bxg7 Kxg7 23.Qc3+ Nf6 24.Ra5 Rxb3 25.Qxc5 Qb8 26.Rb5 Rxb5 27.Bxb5 g4
28.hxg4 Bxg4 29.d6 Qb7 30.e5 Nd7 31.Bxd7 Bxd7 32.e6 Bxe6 33.Rxe6 fxe6 34.Qd4+
e5 35.d7 exd4 36.d8=Q {#R} 0-1

[Event "It"]
[Site "masterchessopen.com - Ptuj (Slovenia)"]
[Round "7"]
[White "Krumpacnik Domen (SLO)"]
[Black "Zheliandinov Viktor (UKR)"]
[Result "1-0"]
[WhiteElo "2405"]
[BlackElo "2350"]

1.d4 Nf6 2.c4 e6 3.Nc3 c5 4.d5 exd5 5.cxd5 d6 6.e4 g6 7.Be2 Bg7 8.Nf3 O-O
9.O-O Re8 10.Nd2 a6 11.a4 Nbd7 12.h3 Rb8 13.Qc2 Qc7 14.Nc4 Nb6 15.Na3 Qe7
16.Bf4 Nfd7 17.a5 Na8 18.Nc4 Ne5 19.Nxe5 Bxe5 20.Bxe5 Qxe5 21.f4 Qd4+ 22.Kh1
b5 23.axb6 Rxb6 24.b3 Nc7 25.Rad1 Qg7 26.Na4 Rb4 27.e5 Qh6 28.Bc4 Nb5 29.Qd3
Qh4 30.exd6 Nxd6 31.Nxc5 Bg4 32.Rd2 Nf5 33.d6 Ng3+ 34.Kh2 Nxf1+ 35.Qxf1 Re3
36.Qf2 Qxf2 37.Rxf2 Bf5 38.Rd2 Rb8 39.g4 Be4 40.Bxa6 Kf8 41.Nd7+ {#r} 1-0

[Event "Ch Europe (for the Deaf) (team)"]
[Site "masterchessopen.com - Rome (Italy)"]
[Round "0"]
[White "Chernov Igor (RUS)"]
[Black "Romanenko Victor (RUS)"]
[Result "1-0"]
[WhiteElo "1866"]
[BlackElo "2196"]

1.c4 Nf6 2.Nc3 g6 3.e4 d6 4.d4 Bg7 5.Nf3 O-O 6.Be2 c5 7.d5 e6 8.O-O exd5
9.cxd5 Re8 10.Nd2 a6 11.a4 b6 12.Qc2 Nbd7 13.f4 Nf8 14.Nc4 Rb8 15.e5 dxe5
16.fxe5 Nxd5 17.Nd6 Nxc3 18.bxc3 Be6 19.Nxe8 Qxe8 20.Bxa6 Bxe5 21.Bf4 Bf5
22.Qd2 Rd8 23.Qe3 Bg7 24.Qg3 Qe4 25.Rfe1 Qc2 26.Be5 Ne6 27.Bxg7 Kxg7 28.Bc4
Rd2 29.Ra2 Qxa2 30.Bxa2 Rxa2 31.Qe5+ f6 32.Qd6 Ng5 33.h4 Ne4 34.Rxe4 Bxe4
35.Qe7+ Kh6 36.Qxe4 {#r} 1-0

[Event "Slovak League (2nd) 1994/95"]
[Site "masterchessopen.com - Slovakia"]
[Round "14"]
[White "Dorica Igor (SVK)"]
[Black "Slapak Zdenek (SVK)"]
[Result "1-0"]
[WhiteElo "2233"]
[BlackElo "2080"]

1.d4 Nf6 2.c4 c5 3.d5 e6 4.Nc3 exd5 5.cxd5 d6 6.e4 g6 7.Nf3 Bg7 8.Be2 O-O
9.Nd2 Re8 10.O-O a6 11.a4 Nbd7 12.Re1 Qc7 13.Qc2 Rb8 14.Ra3 Nf8 15.a5 Ng4
16.Bxg4 Bxg4 17.Nc4 Bd4 18.h3 Bc8 19.Bf4 Rd8 20.Rb3 f6 21.Rb6 Be5 22.Bxe5 fxe5
23.Qd2 Kg7 24.f4 Qe7 25.Qe3 exf4 26.Qxf4 g5 27.Qg3 Ng6 28.Nxd6 Kh8 29.e5 Rf8
30.e6 Nf4 31.Nf7+ Rxf7 32.exf7 Qxf7 33.Ne4 Qxd5 34.Rd6 Qe5 35.Rd8+ Kg7
36.Qxg5+ {#r} 1-0

[Event "It (open)"]
[Site "masterchessopen.com - Barcelona (Spain)"]
[Round "1"]
[White "Garzon Sanchez Jose Manuel (ESP)"]
[Black "Gomez J (NCA)"]
[Result "1-0"]
[WhiteElo "2183"]
[BlackElo "2143"]

1.d4 Nf6 2.c4 g6 3.Nc3 Bg7 4.e4 d6 5.Be2 O-O 6.Nf3 c5 7.d5 e6 8.O-O exd5
9.cxd5 Re8 10.Nd2 a6 11.a4 h5 12.f4 Ng4 13.Bxg4 Bxg4 14.Qc2 Bd4+ 15.Kh1 Nd7
16.Nc4 Nb6 17.Ne3 Kg7 18.Bd2 Rc8 19.Rae1 Rb8 20.Ne2 Bxe3 21.Bxe3 Nxd5 22.Bd2
Bxe2 23.Rxe2 Kg8 24.f5 Nb4 25.Bxb4 cxb4 26.fxg6 fxg6 27.e5 Re6 28.exd6 Qxd6
29.Qb3 Re8 30.Rf6 Qc6 31.Rexe6 {#r} 1-0

[Event "Staatsliga B South 1996/97"]
[Site "masterchessopen.com - Austria"]
[Round "2"]
[White "Hafner Robert (AUT)"]
[Black "Kronig G (AUT)"]
[Result "1-0"]
[WhiteElo "2091"]
[BlackElo "2169"]

1.d4 Nf6 2.c4 c5 3.d5 e6 4.Nc3 exd5 5.cxd5 d6 6.e4 g6 7.Nf3 Bg7 8.Be2 O-O
9.O-O Re8 10.Nd2 b6 11.f3 Ba6 12.Bxa6 Nxa6 13.Nc4 Nc7 14.a4 Rb8 15.Bg5 Qd7
16.Qd2 a6 17.Kh1 b5 18.axb5 axb5 19.Na5 Ra8 20.Nc6 b4 21.Na4 Ra6 22.b3 Nfxd5
23.exd5 Nxd5 24.Qxd5 Qxc6 25.Qxc6 Rxc6 26.Rac1 h6 27.Bd2 Rec8 28.Rc2 c4
29.Rxc4 Rxc4 30.bxc4 Rxc4 31.Nb6 Rc2 32.Bxb4 Rb2 {#r} 1-0

[Event "Bundesliga 1996/97 (w)"]
[Site "masterchessopen.com - Germany"]
[Round "0"]
[White "Peng Zhaoqin (NED)"]
[Black "Prudnikova Svetlana (SRB)"]
[Result "1-0"]
[WhiteElo "2375"]
[BlackElo "2385"]

1.d4 Nf6 2.Nf3 e6 3.c4 c5 4.d5 exd5 5.cxd5 d6 6.Nc3 g6 7.Nd2 Bg7 8.e4 O-O
9.Be2 Re8 10.O-O Bd7 11.f3 Nh5 12.f4 Bd4+ 13.Kh1 Nf6 14.a4 Qc7 15.Bf3 Na6
16.g4 Re7 17.g5 Ne8 18.Nc4 Nb4 19.Ra3 a6 20.Bg2 Rb8 21.a5 Bg7 22.f5 f6 23.e5
Bxf5 24.gxf6 Nc2 25.fxe7 Nxa3 26.exd6 Nxd6 27.Nxd6 {#r} 1-0

[Event "Oberliga Northwest 1996/97"]
[Site "masterchessopen.com - Germany"]
[Round "0"]
[White "Kiese Matthias (GER)"]
[Black "Enneper Eckhard (GER)"]
[Result "0-1"]
[WhiteElo "2253"]
[BlackElo "2140"]

1.d4 Nf6 2.c4 c5 3.d5 e6 4.Nc3 exd5 5.cxd5 d6 6.e4 g6 7.Nf3 Bg7 8.Be2 O-O
9.O-O Re8 10.Nd2 Nbd7 11.a4 Ne5 12.Qc2 g5 13.Nc4 Nxc4 14.Bxc4 Nh5 15.Bb5 Rf8
16.Nd1 Bd4 17.Ne3 Qe7 18.Re1 Nf6 19.f3 Kh8 20.Kh1 Rg8 21.Bd2 g4 22.Bc3 gxf3
23.gxf3 Bh3 24.Nf5 Rg2 25.Nxe7 Rxc2 26.Bxd4 cxd4 27.Bd3 Rc7 28.Nf5 Bxf5
29.exf5 Nxd5 30.Kg2 {#R} 0-1

[Event "It (open) (b)"]
[Site "masterchessopen.com - Vienna (Austria)"]
[Round "7"]
[White "Barberi Alessandro (ITA)"]
[Black "Sosnik Sebastian (POL)"]
[Result "1-0"]
[WhiteElo "2062"]
[BlackElo "2255"]

1.d4 Nf6 2.c4 e6 3.Nf3 c5 4.d5 exd5 5.cxd5 d6 6.Nc3 g6 7.e4 Bg7 8.Be2 O-O
9.O-O Re8 10.Nd2 Nbd7 11.a4 Ne5 12.f3 Bd7 13.Nc4 Nxc4 14.Bxc4 Nh5 15.g4 Bd4+
16.Kh1 Ng7 17.Bf4 Qe7 18.Qd2 h5 19.g5 h4 20.Ne2 Be5 21.Be3 Nh5 22.Bd3 f5
23.gxf6 Qh7 24.Rg1 c4 25.Bxc4 Ng3+ 26.hxg3 hxg3+ 27.Bh6 Bh3 28.Rxg3 Bxg3
29.Nxg3 Kf7 30.Kh2 Rh8 31.Kxh3 Qxh6+ 32.Qxh6 Rxh6+ 33.Kg2 Kxf6 34.Rh1 Rxh1
35.Kxh1 Ke5 36.Ne2 a6 37.Bd3 g5 38.Kg2 b5 39.axb5 axb5 40.Bxb5 Rb8 41.Nc3 Kf4
42.Kf2 {#r} 1-0

[Event "It (open)"]
[Site "masterchessopen.com - Villa Ballester (Argentina)"]
[Round "4"]
[White "Maggiolo Sonia (ARG)"]
[Black "Fucek Claudio (ARG)"]
[Result "0-1"]
[WhiteElo "2060"]
[BlackElo "2235"]

1.d4 Nf6 2.Nf3 c5 3.d5 e6 4.c4 exd5 5.cxd5 d6 6.Nc3 g6 7.e4 Bg7 8.Be2 O-O
9.O-O Re8 10.Nd2 Nbd7 11.f3 a6 12.a4 Ne5 13.Nc4 Nxc4 14.Bxc4 Nd7 15.Be3 Ne5
16.Be2 f5 17.f4 Nd7 18.e5 dxe5 19.d6 exf4 20.Qb3+ Kh8 21.Bxf4 Bd4+ 22.Kh1 Ne5
23.Qd5 Nc6 24.Qf7 Qd7 25.Bc4 Qxf7 26.Bxf7 Rf8 27.Bc4 Bd7 28.Nd5 Ne5 29.Ba2 Nd3
30.Bh6 Nf2+ 31.Rxf2 Bxf2 32.Nb6 Bc6 33.Nxa8 Rxa8 34.Bg5 Kg7 35.Be6 Bd4 36.Be7
Bxb2 37.Rd1 Bf6 38.a5 Bxe7 39.dxe7 Re8 {#R} 0-1

[Event "It (open) (w)"]
[Site "masterchessopen.com - Yalta (Ukraine)"]
[Round "6"]
[White "Tolkachova Vitalina (UKR)"]
[Black "Gordon Viktoria (UKR)"]
[Result "0-1"]
[WhiteElo "2160"]
[BlackElo "2222"]

1.d4 Nf6 2.Nf3 c5 3.d5 e6 4.c4 exd5 5.cxd5 d6 6.Nc3 g6 7.e4 Bg7 8.Be2 O-O
9.O-O Re8 10.Nd2 a6 11.a4 Nbd7 12.a5 Ne5 13.Ndb1 b5 14.axb6 Qxb6 15.Na3 Rb8
16.Kh1 Qc7 17.Qc2 Rb4 18.f3 Qb8 19.Na2 Rb6 20.f4 Neg4 21.Bf3 Bd7 22.h3 h5
23.Nc4 Bb5 24.e5 dxe5 25.hxg4 hxg4 26.Be2 Nh5 27.Nc3 Qd8 28.Ne4 Bxc4 29.Bxc4
Qh4+ 30.Kg1 exf4 {#R} 0-1

[Event "Olympiad"]
[Site "masterchessopen.com - Yerevan (Armenia)"]
[Round "5"]
[White "Pelletier Yannick (SUI)"]
[Black "Hamdouchi Hichem (FRA)"]
[Result "0-1"]
[WhiteElo "2440"]
[BlackElo "2495"]

1.d4 Nf6 2.c4 c5 3.d5 d6 4.Nc3 g6 5.e4 Bg7 6.Be2 O-O 7.Nf3 e6 8.O-O exd5
9.cxd5 Re8 10.Nd2 Nbd7 11.Re1 a6 12.a4 b6 13.Qc2 Ne5 14.Nf1 Nh5 15.Bxh5 gxh5
16.Ne2 h4 17.Ra3 Kh8 18.Nf4 Rg8 19.h3 Bh6 20.Nh5 Bxc1 21.Qxc1 Rg5 22.Nf4 Qf6
23.Kh1 Bd7 24.Nh2 Rag8 25.Rg1 Qg7 26.Rb3 c4 27.Rxb6 Nd3 28.Nxd3 Rxg2 29.Ng4
Rxg1+ 30.Qxg1 cxd3 31.Qd1 Qd4 32.Rb3 d2 33.Re3 Bxg4 34.hxg4 Rc8 {#R} 0-1

[Event "It (open)"]
[Site "masterchessopen.com - Zlin (Czech Republic)"]
[Round "5"]
[White "Jedlicka Ales (CZE)"]
[Black "Mikulcik Ladislav (CZE)"]
[Result "0-1"]
[WhiteElo "2145"]
[BlackElo "2290"]

1.d4 Nf6 2.c4 c5 3.d5 d6 4.Nc3 g6 5.e4 Bg7 6.Nf3 O-O 7.Be2 e6 8.O-O exd5
9.cxd5 Re8 10.Nd2 Nbd7 11.a4 a6 12.Re1 Ne5 13.h3 g5 14.Nf1 h6 15.a5 b5 16.axb6
Qxb6 17.Ne3 Ng6 18.Nc4 Qc7 19.Bf1 g4 20.hxg4 Nxg4 21.g3 Bd4 22.Ne3 Nxe3
23.Bxe3 Bg7 24.Bg2 Rb8 25.Ra2 Ne5 26.f3 Nc4 27.Bc1 Rb4 28.Qc2 f5 29.b3 Ne5
30.Ba3 Rd4 31.Ne2 Nd3 32.Rd1 Nb4 33.Bxb4 Rxb4 34.exf5 c4 35.f6 Qa7+ 36.Nd4
cxb3 37.Qg6 Qf7 38.Qxf7+ Kxf7 39.Nxb3 Bxf6 40.Na5 Bd4+ 41.Kf1 Bc5 42.Nc6 Rb3
43.Nd4 Bd7 44.Nc6 Bf5 45.Rad2 Be3 46.Nd4 Bxd2 47.Nxf5 Bb4 48.Nd4 Rb2 49.Bh3
Re3 {#R} 0-1

[Event "Ch Hessen (juniors) (under 17)"]
[Site "masterchessopen.com - Biedenkopf (Germany)"]
[Round "9"]
[White "Genkin Michael (GER)"]
[Black "Hankel Dennis (GER)"]
[Result "0-1"]
[WhiteElo "2282"]
[BlackElo "2132"]

1.d4 Nf6 2.c4 e6 3.Nf3 c5 4.d5 exd5 5.cxd5 d6 6.Nc3 g6 7.e4 Bg7 8.Be2 O-O
9.O-O Re8 10.Nd2 a6 11.a4 Nbd7 12.f3 Qc7 13.Nc4 Ne5 14.Na3 Rb8 15.f4 Ned7
16.Bf3 c4 17.Kh1 Nc5 18.e5 dxe5 19.fxe5 Rxe5 20.Nxc4 Re8 21.d6 Qd8 22.Bf4 b5
23.d7 Bxd7 24.Bxb8 Qxb8 25.axb5 axb5 26.Na5 b4 27.Nd5 Nxd5 28.Bxd5 Bf5 29.Nc4
Qc7 30.Re1 Rd8 31.Ra8 Rxa8 32.Bxa8 Nd3 33.Re8+ Bf8 34.Qb3 Qf4 35.Bf3 Qc1+
36.Bd1 Nf2+ 37.Kg1 Nxd1 {#R} 0-1

[Event "Ch Denmark"]
[Site "masterchessopen.com - Esbjerg (Denmark)"]
[Round "3"]
[White "Hansen Curt (DEN)"]
[Black "Nielsen Peter Heine (DEN)"]
[Result "1-0"]
[WhiteElo "2600"]
[BlackElo "2515"]

1.d4 Nf6 2.Nf3 g6 3.c4 Bg7 4.Nc3 O-O 5.e4 d6 6.Be2 c5 7.d5 e6 8.O-O Re8 9.Nd2
exd5 10.cxd5 Nbd7 11.a4 Ne5 12.Qc2 g5 13.Ra3 a6 14.Re1 Bd7 15.a5 h6 16.b3 Rc8
17.Bb2 g4 18.Nd1 Nh5 19.Ne3 Nf4 20.Bxe5 Nxe2+ 21.Rxe2 Bxe5 22.Ndc4 Bf4 23.Nb6
Rc7 24.Nxd7 Bxe3 25.Rxe3 Rxd7 26.h3 h5 27.Ra4 Re5 28.hxg4 hxg4 29.Qd1 Qh4
30.Rg3 Kf8 31.Qxg4 Qxg4 32.Rxg4 f5 33.Rg5 fxe4 34.Rxe5 dxe5 35.Rxe4 Rxd5
36.Kf1 Kf7 37.Ke2 Kf6 38.Rc4 Ke6 39.g4 Kd6 40.f3 Ke6 41.Ke3 Kf6 42.Ke4 Rd1
43.b4 Re1+ 44.Kd5 cxb4 45.Rxb4 Rf1 46.Rxb7 Rxf3 47.Rb6+ Kg5 48.Kxe5 Kxg4
49.Rg6+ Kh5 50.Rxa6 Kg5 51.Ra8 Kg6 52.a6 Kg7 53.Rb8 Ra3 54.Rb7+ Kg6 55.Rb6+
Kf7 56.Kd6 {#r} 1-0

[Event "Ch France (team) 1996/97"]
[Site "masterchessopen.com - France"]
[Round "9"]
[White "Veysseyre Didier (FRA)"]
[Black "Derieux Christian (FRA)"]
[Result "1-0"]
[WhiteElo "2119"]
[BlackElo "2150"]

1.d4 Nf6 2.c4 c5 3.d5 e6 4.Nc3 exd5 5.cxd5 d6 6.e4 g6 7.Nf3 Bg7 8.Be2 O-O
9.O-O Re8 10.Nd2 Nbd7 11.Re1 g5 12.f3 Ne5 13.Qc2 Nfd7 14.Nd1 Ng6 15.Nf1 Bd4+
16.Be3 Nde5 17.Bxd4 cxd4 18.Nf2 Nf4 19.Rad1 Qb6 20.Qb3 d3 21.Qxb6 axb6 22.Nxd3
Nfxd3 23.Bxd3 Rxa2 24.Bb5 Bd7 25.Bxd7 Nxd7 26.Ne3 Ne5 27.Nf5 Rd8 28.Ra1 Rxb2
29.Rab1 Rxb1 30.Rxb1 Nc4 31.Rb4 Rc8 32.Ne7+ {#r} 1-0

[Event "Bayern Regionalliga Northwest"]
[Site "masterchessopen.com - Germany"]
[Round "2"]
[White "Neubert Marcus"]
[Black "Schindler Viktor (GER)"]
[Result "0-1"]
[WhiteElo "2060"]
[BlackElo "2168"]

1.d4 Nf6 2.Nf3 e6 3.c4 c5 4.d5 exd5 5.cxd5 d6 6.Nc3 g6 7.Nd2 Bg7 8.e4 O-O
9.Be2 Re8 10.O-O Nbd7 11.a4 a6 12.Kh1 Rb8 13.a5 b5 14.axb6 Nxb6 15.f3 Nh5
16.g3 Qd7 17.f4 Nxg3+ 18.Kg1 Bd4+ 19.Rf2 Qh3 20.Qe1 Nxe2+ 21.Nxe2 Qg4+ 22.Kh1
Bxf2 23.Qxf2 Nxd5 24.Ra3 Nf6 {#R} 0-1

[Event "Bundesliga (2nd) South 1996/97"]
[Site "masterchessopen.com - Germany"]
[Round "0"]
[White "Toth Bela (ITA)"]
[Black "Mahdi Khaled (AUT)"]
[Result "1-0"]
[WhiteElo "2395"]
[BlackElo "2400"]

1.d4 Nf6 2.c4 c5 3.d5 g6 4.Nc3 Bg7 5.e4 O-O 6.Nf3 d6 7.Be2 e6 8.O-O exd5
9.cxd5 Re8 10.Nd2 a6 11.a4 Nbd7 12.Qc2 Rb8 13.Nc4 Nb6 14.Ne3 Qe7 15.f3 Bd7
16.Bd2 Nh5 17.a5 Nc8 18.Nc4 Bd4+ 19.Kh1 b5 20.axb6 Nxb6 21.Nxb6 Rxb6 22.Rxa6
Rxa6 23.Bxa6 f5 24.Ne2 Bg7 25.Bd3 fxe4 26.fxe4 Be5 27.Bc3 Bg4 28.Ng1 c4
29.Bxc4 Bxc3 30.Qxc3 Qxe4 31.Bd3 Qe7 32.Qd4 Bd7 33.Nf3 Qe3 34.Qxe3 Rxe3 35.Bc4
Re4 36.b3 Bf5 37.Kg1 Re3 38.Nd4 Bd3 39.Rf3 Re1+ 40.Kf2 Rf1+ 41.Ke3 Bxc4
42.bxc4 Re1+ 43.Kd2 Rg1 44.Ne6 Rxg2+ 45.Kc3 h6 46.c5 {#r} 1-0

[Event "Oberliga Northeast 1996/97"]
[Site "masterchessopen.com - Germany"]
[Round "0"]
[White "Lieb Harald (GER)"]
[Black "Piasecki Guenter (GER)"]
[Result "1-0"]
[WhiteElo "2245"]
[BlackElo "2119"]

1.d4 Nf6 2.c4 c5 3.d5 e6 4.Nc3 exd5 5.cxd5 d6 6.Nf3 g6 7.e4 Bg7 8.Be2 O-O
9.O-O Re8 10.Nd2 Nbd7 11.Re1 a6 12.a4 b6 13.f4 Bb7 14.Bf3 Qc7 15.Nc4 Red8
16.e5 Ne8 17.e6 fxe6 18.Rxe6 Nf8 19.Re1 Bc8 20.Be3 Bd7 21.a5 bxa5 22.Nxa5 Rdb8
23.Qd2 Nf6 24.h3 Re8 25.Bf2 Rxe1+ 26.Bxe1 Rb8 27.Nc4 Rb4 28.Qe2 Bc8 29.Ne4
Nxe4 30.Bxe4 Rb3 31.Ra2 Qe7 32.Bd3 Bd4+ 33.Kh2 Qf6 34.Bg3 h5 35.Qc2 Rb4 36.h4
Qe7 37.b3 Kg7 38.f5 gxf5 39.Bxf5 Rxc4 40.bxc4 Qe3 41.Bxc8 Qg1+ 42.Kh3 Qh1+
43.Bh2 Ng6 44.Qf5 Be5 45.g3 {#r} 1-0

[Event "It (open) (juniors)"]
[Site "masterchessopen.com - Hengelo (Netherlands)"]
[Round "8"]
[White "Visser Henk-Jan (NED)"]
[Black "Westerweele Henrik (NED)"]
[Result "1-0"]
[WhiteElo "2245"]
[BlackElo "1961"]

1.d4 Nf6 2.c4 c5 3.d5 e6 4.Nc3 exd5 5.cxd5 d6 6.e4 g6 7.Nf3 Bg7 8.Be2 O-O
9.O-O Re8 10.Nd2 a6 11.a4 Nbd7 12.f3 Ne5 13.Ra3 Rb8 14.a5 Bd7 15.h3 b5 16.axb6
c4 17.Nxc4 Nxc4 18.Bxc4 Qxb6+ 19.Kh2 Nh5 20.Rxa6 Qc5 21.Qd3 Rb4 22.b3 f5
23.Ne2 Be5+ 24.g3 fxe4 25.fxe4 Rf8 26.Rxf8+ Kxf8 27.Qf3+ Kg7 28.Ba3 Nxg3
29.Nxg3 Rxb3 30.Bxb3 Qb5 31.Bxd6 Bxg3+ 32.Bxg3 Qxa6 33.Be5+ Kh6 34.Qf8+ Kh5
35.Bd1+ Kg5 36.Qf4# 1-0

[Event "Ch Hungary (team) 1997/98 (2 liga)"]
[Site "masterchessopen.com - Hungary"]
[Round "0"]
[White "Baranyai Karoly (HUN)"]
[Black "Gaber Jozsef (SLO)"]
[Result "1-0"]
[WhiteElo "2220"]
[BlackElo "2068"]

1.d4 Nf6 2.c4 c5 3.d5 e6 4.Nc3 d6 5.e4 g6 6.Nf3 exd5 7.cxd5 Bg7 8.Be2 O-O
9.O-O Re8 10.Nd2 b6 11.Re1 Ba6 12.a4 Bxe2 13.Rxe2 Nbd7 14.Nc4 Ne5 15.Nxe5 Rxe5
16.Qd3 a6 17.Bd2 Re8 18.Rb1 Ng4 19.Qg3 h5 20.h3 Be5 21.f4 Bd4+ 22.Kf1 Nf6
23.Qf3 Qd7 24.Be1 b5 25.Bh4 b4 26.Nd1 Qxa4 27.e5 Nd7 28.e6 Nf8 29.Nf2 fxe6
30.dxe6 Bxf2 31.Kxf2 Qa2 32.Rbe1 Qc4 33.e7 Nd7 34.Re6 Ne5 35.R1xe5 dxe5
36.Rxg6+ Kf7 37.Rf6+ {#r} 1-0

[Event "Ch Russia (juniors) (under 18) (g)"]
[Site "masterchessopen.com - Kolontaevo (Russia)"]
[Round "1"]
[White "Zaporozhchenko Anna (RUS)"]
[Black "Melnikova Yana (RUS)"]
[Result "1-0"]
[WhiteElo "2125"]
[BlackElo "2208"]

1.d4 Nf6 2.c4 g6 3.Nc3 Bg7 4.Nf3 d6 5.e4 O-O 6.Be2 c5 7.d5 e6 8.O-O exd5
9.cxd5 Re8 10.Nd2 b6 11.Qc2 Ba6 12.Re1 Bxe2 13.Rxe2 Na6 14.Nc4 Nc7 15.Bf4 Bf8
16.a4 Qd7 17.h3 Rab8 18.Rd1 Nh5 19.Bh2 f6 20.g4 Ng7 21.Qd2 g5 22.Qd3 a6 23.Qg3
Red8 24.f4 b5 25.axb5 axb5 26.Na5 b4 27.Nc6 bxc3 28.Nxb8 Rxb8 29.bxc3 Rb3
30.fxg5 fxg5 31.Rf1 Nge8 32.e5 dxe5 33.Qxe5 h6 34.Rxf8+ Kxf8 35.Qh8+ Kf7
36.Qh7+ Ng7 37.Rf2+ Ke7 38.Qxg7+ Kd8 39.Bxc7+ Kxc7 40.Rf7 {#r} 1-0

[Event "It (open)"]
[Site "masterchessopen.com - Neuchatel (Switzerland)"]
[Round "5"]
[White "Arbakov Valentin (RUS)"]
[Black "Goldstern Flip (NED)"]
[Result "1-0"]
[WhiteElo "2475"]
[BlackElo "2360"]

1.d4 Nf6 2.c4 e6 3.Nf3 c5 4.d5 exd5 5.cxd5 d6 6.Nc3 g6 7.e4 Bg7 8.Be2 O-O
9.Nd2 Re8 10.O-O a6 11.a4 Nbd7 12.Qc2 Ne5 13.f4 Ned7 14.Nc4 Nb6 15.Ne3 Nxe4
16.Nxe4 Bd4 17.Kh1 f5 18.Ng5 Bxe3 19.a5 Bxc1 20.Rfxc1 h6 21.Ne6 Bxe6 22.dxe6
Nc8 23.Qb3 Qf6 24.Qxb7 Ne7 25.Bxa6 Rab8 26.Qc7 Qxb2 27.Qxd6 Rb4 28.Bf1 Qd4
29.Qxc5 Qxf4 30.g3 Qd2 31.Rc2 Qd5+ 32.Bg2 Qb3 33.Qc3 Rc8 34.Qxb3 Rxb3 35.Rxc8+
Nxc8 36.Bd5 Re3 37.a6 Re5 38.a7 {#r} 1-0

[Event "Ch Piraeus"]
[Site "masterchessopen.com - Piraeus (Greece)"]
[Round "7"]
[White "Liakopoulos Theodoros (GRE)"]
[Black "Fournarakos Gerasimos (GRE)"]
[Result "0-1"]
[WhiteElo "2080"]
[BlackElo "2015"]

1.d4 Nf6 2.c4 c5 3.d5 e6 4.Nc3 exd5 5.cxd5 d6 6.e4 g6 7.Nf3 Bg7 8.Be2 O-O
9.O-O Re8 10.Nd2 a6 11.a4 Nbd7 12.Nc4 Nxe4 13.Nxe4 Rxe4 14.Nxd6 Rd4 15.Qb3 Rb4
16.Qc2 Qe7 17.Nxc8 Rxc8 18.Ra3 Nb6 19.Bf3 Qd7 20.Rd1 Nxa4 21.Rb3 Rxb3 22.Qxb3
c4 23.Qc2 b5 24.b3 Nc3 25.Re1 cxb3 26.Qxb3 a5 27.Qa3 a4 28.Bb2 Bf8 29.Qa1 b4
30.Rc1 Bg7 31.Rc2 a3 32.Bxc3 Bxc3 33.Qb1 Re8 34.Rc1 Qa4 35.d6 a2 36.d7 axb1=Q
{#R} 0-1